| 000 | 00370nam a2200121Ia 4500 | ||
|---|---|---|---|
| 008 | 220204s9999 xx 000 0 und d | ||
| 082 |
_aNR:338.45(548.3) _bSEM |
||
| 245 | 0 | _aSeminar on development of rubber based industries in Kerala (9th October 1980) | |
| 260 |
_aKottayam _bRRII _c1980 |
||
| 650 | _aKerala rubber industry | ||
| 650 | _aRubber industries | ||
| 942 | _cBK | ||
| 999 |
_c43364 _d43364 |
||